000 00591nam a2200241Ia 4500
003 OSt
005 20220918230504.0
006 a|||||r|||| 00| 0
007 ta
008 220917b |||||||| |||| 00| 0 eng d
024 _a254,204
037 _cTextual
040 _aARTS
_cARTS
_beng
041 _2eng
_aeng
082 _aV6:1:N5, K5
100 _aScipio
_9152718
245 0 _aEmergent Africa
260 _aBoston
_bHoughton Mifflin
_c1965
300 _a192p.
_ccm.
650 _aHISTORY
942 _hV6:1:N5, K5
_cTEXL
_2CC
999 _c288196
_d288196